Nauatlajtoli tlen uaxtekapaj tlali : (Record no. 199703)
[ view plain ]
| 000 -CABECERA | |
|---|---|
| campo de control de longitud fija | 00895nam a2200229 u 4500 |
| 005 - FECHA Y HORA DE LA ÚLTIMA TRANSACCIÓN | |
| campo de control | 20231128063922.0 |
| 008 - ELEMENTOS DE LONGITUD FIJA--INFORMACIÓN GENERAL | |
| campo de control de longitud fija | 181106s19952003 r 000 0 eng d |
| 020 ## - NÚMERO INTERNACIONAL NORMALIZADO PARA LIBROS | |
| Número Internacional Estándar del Libro | 9682973643 |
| 035 ## - NÚMERO DE CONTROL DEL SISTEMA | |
| Número de control de sistema | UPN01000227608 |
| 049 ## - COLECCIÓN | |
| Colección | CG |
| 050 #4 - SIGNATURA TOPOGRÁFICA DE LA BIBLIOTECA DEL CONGRESO | |
| Número de clasificación | LB1578.335 N3.2 |
| Número de documento/Ítem | N3.82 LL |
| 245 00 - MENCIÓN DE TÍTULO | |
| Título | Nauatlajtoli tlen uaxtekapaj tlali : |
| Resto del título | lengua náhuatl : región huasteca : segundo grado : lecturas / |
| Mención de responsabilidad, etc. | Alonso López Mar ... [et al.]. |
| 260 ## - PUBLICACIÓN, DISTRIBUCIÓN, ETC. | |
| Lugar de publicación, distribución, etc. | México : |
| Nombre del editor, distribuidor, etc. | SEP, Comisión Nacional de los Libros de Texto Gratuitos, |
| Fecha de publicación, distribución, etc. | c1995 (2003 impr.). |
| 300 ## - DESCRIPCIÓN FÍSICA | |
| Extensión | 95 p. : |
| Otras características físicas | il. col. |
| 650 #4 - ASIENTO SECUNDARIO DE MATERIA - TERMINO TEMATICO | |
| Término de materia o nombre geográfico como elemento de entrada | Cartilla náhuatl |
| 9 (RLIN) | 8118 |
| 650 #4 - ASIENTO SECUNDARIO DE MATERIA - TERMINO TEMATICO | |
| Término de materia o nombre geográfico como elemento de entrada | Náhuatl |
| Subdivisión general | Estudio y enseñanza (Elemental) |
| 9 (RLIN) | 15808 |
| 650 #4 - ASIENTO SECUNDARIO DE MATERIA - TERMINO TEMATICO | |
| Término de materia o nombre geográfico como elemento de entrada | Indígenas de México |
| Subdivisión geográfica | Hidalgo |
| Subdivisión general | Lenguas |
| 9 (RLIN) | 25560 |
| 700 1# - ASIENTO SECUNDARIO--NOMBRE DE PERSONAL | |
| Nombre de persona | López Mar, Alonso, |
| Término indicativo de función/relación | coaut. |
| 9 (RLIN) | 29068 |
| 740 0# - ASIENTO SECUNDARIO - TÍTULOS RELACIONADOS /ANALITICOS NO CONTROLADOS | |
| Título relacionado o analítico no controlado | Lengua náhuatl : región huasteca : segundo grado : lecturas |
| 905 ## - TIPO DE MATERIAL | |
| Tipo de material | Libro |
| Estado de retiro | Estado de pérdida | Fuente del sistema de clasificación o colocación | Estado dañado | No para préstamo | Código de colección | Localización permanente | Ubicación/localización actual | Ubicación en estantería | Fecha de adquisición | Clasificación | Código de barras | Fecha visto por última vez | Número de copia | Tipo de ítem Koha |
|---|---|---|---|---|---|---|---|---|---|---|---|---|---|---|
| Library of Congress Classification | Disponible (Préstamo en sala) | Libros de texto gratuitos | Bib. Gregorio Torres Quintero | Bib. Gregorio Torres Quintero | Colecciones especiales Planta alta | 13/09/2022 | LB1578.335 N3.2 N3.82 LL | 327346 | 31/12/2020 | 1 | Libro |
